000 01577 a2200217 4500
001 58880
005 20260407155843.0
008 260407a1975 arg spa d
003 AR-UNSa-BCEJYS
040 _aAR-UNSa-BCEJYS
_bspa
_cAR-UNSa-BCEJYS
080 _a353(46)
_xNiveles medios de la administración. Administración regional. Administración provincial en España
245 1 0 _aEl tesoro público y el movimiento general de fondos
020 _a84-7196-162-8
264 1 _aMadrid :
_bInstituto de Estudio Fiscales
_c1975
300 _a395 p.
_c24 cm.
505 _a1. Formación histórica del Tesoro Público francés y su organización actual – Primera parte: Tesoro y finanzas públicas: 2. Ejecución de la Ley de Presupuestos – 3. Las relaciones de Tesorería – 4. Los empréstitos y la gestión de la deuda pública – 5. Clasificación y presentación de las operaciones del Tesoro – Segunda parte: Tesoro y actividades financieras: 6. El Tesoro banquero – 7. El Tesoro, tutor de los bancos y del mercado de valores mobiliarios – Tercera parte: El Tesoro y el sistema monetario: Título I: El Tesoro y los mecanismos monetarios: 8. Tesoro y circulación monetaria – 9. Tesoro y creación monetaria – Titulo II: Tesoro y política monetaria: 10. Elementos generales del equilibrio de la Tesorería Pública – 11. Fluctuaciones y previsiones de Tesorería – 12. Gestión de la Tesorería y política monetaria
942 _cBK
590 _aniveau_biblio:m niveau_hierar:0
100 1 _aBloch-Laine, Francois
700 1 _aDe Vogüe, Pierre
999 _c6503
_d6503